Statistics for Provinces of the Later Roman Empire with a Map

Click here to take the quiz!

General Stats

  • This quiz has been taken 2,524 times
  • The average score is 44 of 118

Answers on the Map

Answers color-coded by a green-red scale on the quiz's map according to % correct below.
 

Answer Stats

Provinces% Correct
Sicilia
87%
Sardinia
85%
Corsica
83%
Aegyptus
81%
Cyprus
81%
Creta
79%
Syria Phoenice
68%
Coele Syria
67%
Thracia
67%
Africa Byzacena
66%
Africa Zeugitana
66%
Dalmatia
65%
Macedonia I
65%
Macedonia II
65%
Germania I
62%
Germania II
62%
Libya Superior
62%
Tuscia et Umbria
58%
Venetia et Histria
57%
Lusitania
56%
Epirus Nova
55%
Britannia I
54%
Britannia II
54%
Epirus Vetus
54%
Belgica I
52%
Belgica II
52%
Dacia Mediterranea
52%
Dacia Ripensis
52%
Mauretania Tingitana
52%
Aquitania I
51%
Aquitania II
51%
Gallaecia
51%
Mauretania Caesariensis
51%
Palaestina I
51%
Palaestina II
51%
Palaestina III
51%
Libya Inferior
50%
Mauretania Sitifensis
50%
Asia
48%
Apulia et Calabria
47%
Arabia
45%
Liguria et Aemilia
45%
Helenopontus
44%
Pontus Polemoniacus
44%
Armenia I
43%
Armenia II
43%
Armenia Maior
43%
Cappadocia I
43%
Cappadocia II
43%
Pannonia I
43%
Pannonia II
43%
Narbonensis I
40%
Narbonensis II
40%
Achaea
39%
Moesia I
39%
Moesia II
39%
Balearica
38%
Raetia I
37%
Raetia II
37%
Tarraconensis
37%
Lugdunensis I
36%
Lugdunensis II
36%
Lugdunensis III
36%
Lugdunensis IV
36%
Campania
35%
Cilicia I
35%
Cilicia II
35%
Thessalia
35%
Baetica
34%
Galatia I
34%
Galatia II
34%
Noricum Mediterranum
33%
Noricum Ripense
33%
Tripolitana
33%
Lydia
31%
Mesopotamia
31%
Numidia
31%
Lycia
29%
Bithynia
28%
Phrygia I
24%
Phrygia II
24%
Alpes Maritimae
18%
Europa
18%
Caria
17%
Carthaginensis
16%
Scythia Minor
16%
Alpes Cottiae
15%
Hellespontus
15%
Insulae
15%
Lucania et Brutii
15%
Paphlagonia
15%
Dardania
14%
Isauria
14%
Pamphylia
14%
Viennensis
14%
Arcadia
13%
Samnium
13%
Thebais
13%
Euphratensis
12%
Osrhoene
12%
Pisidia
12%
Sequania
12%
Valeria Sabina
12%
Flaminia et Picenum
11%
Maxima Caesariensis
11%
Valeria Ripensis
11%
Alpes Poeninae et Graiae
10%
Augustamnica
10%
Flavia Caesariensis
10%
Lycaonia
10%
Picenum Suburbicarium
10%
Honorias
9%
Rhodope
9%
Haemimontus
7%
Praevalitana
7%
Satrapiae
7%
Savia
7%
Novempopulania
6%

Score Distribution

Percentile by Number Answered

Percent of People with Each Score

Your Score History

You have not taken this quiz